PSICOLOGIA SOCIAL/

TRADUCCION DE: SOCIAL PSYCHOLOGY

Uloženo v:
Podrobná bibliografie
Hlavní autor: Klineberg, Otto (autor)
Médium: Kniha
Témata:
Tagy: Přidat tag
Žádné tagy, Buďte první, kdo vytvoří štítek k tomuto záznamu!

MARC

LEADER 00000nam^a2200000^a^4500
001 000217742
005 20250521000000.0
009 20260526131746.359
035 |a 014010 
037 |a Acervo Xavier Clavigero 
082 |a 302.  |b KLI 
100 |a Klineberg, Otto  |e (autor) 
245 1 0 |a PSICOLOGIA SOCIAL/  |c OTTO KLINEBERG; TR. VICTORINO PEREZ 
264 |a MEXICO :  |b FONDO DE CULTURA ECONOMICA,  |c 1963 
300 |a 582p. 
336 |a texto  |b txt  |2 rdacontenido 
337 |a sin mediación  |b n  |2 rdamedio 
338 |a volumen  |b nc  |2 rdasoporte 
520 |a TRADUCCION DE: SOCIAL PSYCHOLOGY 
520 |a BIBLIOGRAFIA: (P. 524-560) 
520 |a INDICE 
649 |a XX 
650 |a PSICOLOGIA SOCIAL 
910 |a Fondo General 
920 |a Impresos - Libros 
930 |a Colección General 
905 |a 101 
901 |a 014010  |b IT1  |c ACC  |i 014010  |u 20250521 
902 |a https://opac.biblio.iteso.mx/vufind/Record/000217742